Govt. of
Madhya Pradesh

Ancient Indian Massage (Record no. 64794)

MARC details
000 -LEADER
fixed length control field 00275nam a2200109Ia 4500
008 - FIXED-LENGTH DATA ELEMENTS--GENERAL INFORMATION
fixed length control field 221009s9999 xx 000 0 und d
082 ## - DEWEY DECIMAL CLASSIFICATION NUMBER
Classification number 615/JOH
100 ## - MAIN ENTRY--PERSONAL NAME
Personal name Johari, Harish
9 (RLIN) 6635
245 #0 - TITLE STATEMENT
Title Ancient Indian Massage
260 ## - PUBLICATION, DISTRIBUTION, ETC. (IMPRINT)
Name of publisher, distributor, etc. Munshiram Manoharlal Publishers
942 ## - ADDED ENTRY ELEMENTS (KOHA)
Koha item type Books

No items available.